00291nam a2200109Ia 4500008004100000100002000041245004600061260000900107300003000116440002400146650001100170180117s9999 xx 000 0 und d aby Cheshire Que aHelp the Youth Overcome Disordered eating c2017 a10-12 pages, 2017 July 23 aPhilippine Panorama aEATING